000 00584nam a2200217Ia 4500
005 20260429111901.0
008 260429s9999||||xx |||||||||||||| ||und||
020 _a9789390680764
041 _aEnglish
082 _a294.5
_bAIY
100 _aAiyer, Sivaswamy
245 0 _aEvolution of Hindu moral ideals /
_cSivaswamy Aiyer
260 _aJaipur :
_bHilltop Publications,
_c2024.
300 _axix, 242 p.; hb
650 _a Hinduism
650 _a Indian philosophy
650 _a Moral philosophy
650 _a Religious values
650 _aHindu ethics
942 _cTB
999 _c51263
_d51263